000
00337nam a22001457a 4500
003
OSt
005
20220322161144.0
008
220322b |||||||| |||| 00| 0 eng d
020
_a
158488195x
040
_c
HU
082
_a
001.4'34
100
_a
Cox
_9
31236
245
_a
The Theory Of The Design Of Experiments
942
_2
ddc
_c
BOOKS
_n
0
999
_c
33446
_d
33446